Научные труды Ленинградского ордена Трудового Красного Знамени сельскохозяйственного института. Т.149, Вып.3: Диагностика, повышение эффективности, экономичности и долговечности двигателей (Запись № 2622026)

Подробности
000 -МАРКЕР
контрольное поле 01343nam2a22002411 4500
001 - ИДЕНТИФИКАТОР ЗАПИСИ
контрольное поле RU\NLR\INFOCOMM10\1000231426
005 - ИДЕНТИФИКАТОР ВЕРСИИ
контрольное поле 20250617055813.0
035 ## - ДРУГИЕ СИСТЕМНЫЕ НОМЕРА
Идентификатор записи (NLR Aleph) 002504367
100 ## - ДАННЫЕ ОБЩЕЙ ОБРАБОТКИ
Данные общей обработки 20040414d1970 |||y0rusy50 ca
101 0# - ЯЗЫК РЕСУРСА
Язык текста, звукозаписи и т.д. русский
102 ## - СТРАНА ПУБЛИКАЦИИ ИЛИ ПРОИЗВОДСТВА
Страна публикации российская федерация
105 ## - ПОЛЕ КОДИРОВАННЫХ ДАННЫХ: ТЕКСТОВЫЕ МАТЕРИАЛЫ, МОНОГРАФИЧЕСКИЕ
Кодированные данные о монографическом текстовом документе y |||||||||
200 1# - ЗАГЛАВИЕ И СВЕДЕНИЯ ОБ ОТВЕТСТВЕННОСТИ
Основное заглавие Диагностика, повышение эффективности, экономичности и долговечности двигателей
Первые сведения об ответственности Механизация с.-х производства
210 ## - ПУБЛИКАЦИЯ, РАСПРОСТРАНЕНИЕ И ДР.
Дата издания, распространения и т.д. 1970
Место издания, распространения и т.д. Б. м.
461 #0 - УРОВЕНЬ НАБОРА
Встроенное поле 001RU\NLR\INFOCOMM10\1000231300
-- 2001#$aНаучные труды Ленинградского ордена Трудового Красного Знамени сельскохозяйственного института$fМ-во с. х. СССР$vТ.149, Вып.3
Системный номер (АБИС) связанной записи 2621050
Автор Ленинградский сельскохозяйственный институт
Место публикации Л.
Дата публикации 1938-
Первые сведения об ответственности М-во с. х. СССР
Заглавие Научные труды Ленинградского ордена Трудового Красного Знамени сельскохозяйственного института
Номер тома Т.149, Вып.3
801 #1 - ИСТОЧНИК ЗАПИСИ
Страна российская федерация
Организация InfoComm
Дата составления 20040414
801 #0 - ИСТОЧНИК ЗАПИСИ
Страна российская федерация
Организация NLR
Правила каталогизации PSBO
852 ## - МЕСТОНАХОЖДЕНИЕ И ШИФР ХРАНЕНИЯ
Идентификатор организации NLR
Шифр хранения (Call Number) П13/428
942 ## - ДОПОЛНИТЕЛЬНЫЕ ЭЛЕМЕНТЫ ЗАПИСИ (АБИС)
Тип экземпляра АБИС Выпуск
980 ## - КОЛЛЕКЦИЯ
Название коллекции Национальная библиография
980 ## - КОЛЛЕКЦИЯ
Название коллекции Русская периодика

Нет доступных экземпляров.